Asociación ilícita y delitos contra el orden público /
Guardado en:
| Autor Principal: | |
|---|---|
| Formato: | Libro |
| Idioma: | Spanish |
| Publicado: |
Santa Fe :
Rubinzal Culzoni,
2001.
|
| Edición: | 1a. ed. |
| Materias: | |
| Etiquetas: |
Agregar Etiqueta
Sin Etiquetas, Sea el primero en etiquetar este registro!
|
| LEADER | 00466nam a22001575a 4500 | ||
|---|---|---|---|
| 001 | DER.der001708 | ||
| 008 | 180615s2001####ag#||||||||||||||#||spa|| | ||
| 005 | 20250807145814.0 | ||
| 245 | 1 | 0 | |a Asociación ilícita y delitos contra el orden público / |c Abel Cornejo. |
| 250 | |a 1a. ed. | ||
| 260 | |a Santa Fe : |b Rubinzal Culzoni, |c 2001. | ||
| 300 | |a 163 p. | ||
| 020 | |a 9507273190 | ||
| 100 | 1 | |a Cornejo, Abel | |
| 650 | 7 | |a DERECHO PENAL | |
| 859 | |a DERECHO |b BIB. DERECHO |h 345 |i COR |p 003052 | ||
